| 000 | 00689cam a22002053a 4500 | ||
|---|---|---|---|
| 001 | 42483 | ||
| 003 | PGUSA | ||
| 005 | 20140828083949.0 | ||
| 008 | 130408s2013||||xxu|||||s|||||000 | eng d | ||
| 040 |
_aPGUSA _beng |
||
| 042 | _adc | ||
| 100 | 1 |
_aMusters, George Chaworth, _d1841-1879 |
|
| 245 | 1 | 0 |
_aAt Home with the Patagonians : _bA Year's Wanderings over Untrodden Ground from the Straits of Magellan to the Rio Negro _h[electronic resource] / _cGeorge Chaworth Musters |
| 260 |
_bProject Gutenberg, _c2013 |
||
| 506 | _aPublic domain in the USA. | ||
| 516 | _aElectronic text | ||
| 830 | 0 |
_aProject Gutenberg _v42483 |
|
| 856 | 4 | 0 | _uhttp://www.gutenberg.org/ebooks/42483 |
| 942 | _cEB | ||
| 999 |
_c271735 _d271735 |
||